| Tag |
First Indicator |
Second Indicator |
Subfields |
| LEADER |
00000pam a2200000 a 4500 |
| 001 |
in00001539321 |
| 005 |
20151022051603.0 |
| 008 |
000419s1999 nyu b 001 0 eng |
| 010 |
|
|
|a 99038592
|
| 020 |
|
|
|a 0385320124
|
| 035 |
|
|
|a (OCoLC)41880339
|
| 040 |
|
|
|a DLC
|c DLC
|d TXA
|d UtOrBLW
|
| 049 |
|
|
|a TXAM
|
| 050 |
0 |
0 |
|a QC981.8.C5
|b S75 1999
|
| 082 |
0 |
0 |
|a 551.5/253
|2 21
|
| 100 |
1 |
|
|a Stevens, William K.
|q (William Kenneth),
|d 1935-
|
| 245 |
1 |
4 |
|a The change in the weather :
|b people, weather, and the science of climate /
|c William K. Stevens.
|
| 264 |
|
1 |
|a New York :
|b Delacorte Press,
|c 1999.
|
| 300 |
|
|
|a xxiii, 357 pages ;
|c 25 cm.
|
| 336 |
|
|
|a text
|b txt
|2 rdacontent
|
| 337 |
|
|
|a unmediated
|b n
|2 rdamedia
|
| 338 |
|
|
|a volume
|b nc
|2 rdacarrier
|
| 504 |
|
|
|a Includes bibliographical references and index.
|
| 650 |
|
0 |
|a Climatic changes.
|
| 650 |
|
0 |
|a Weather.
|
| 650 |
|
0 |
|a Human beings
|x Effect of climate on.
|
| 948 |
|
|
|a cataloged
|b h
|c 2000/4/19
|d c
|e jgreene
|f 3:02:06 pm
|
| 994 |
|
|
|a E0
|b TXA
|
| 999 |
|
|
|a MARS
|
| 999 |
f |
f |
|s 5bd06bf3-35c9-3bc9-8e11-a3d1e83f3eb3
|i 45058c7a-ec46-30f8-ae2e-bf860f779060
|t 0
|
| 952 |
f |
f |
|p normal
|a Texas A&M University
|b College Station
|c Sterling C. Evans Library
|d Evans: Library Stacks
|t 0
|e QC981.8.C5 S75 1999
|h Library of Congress classification
|i unmediated -- volume
|m A14825920387
|
| 998 |
f |
f |
|a QC981.8.C5 S75 1999
|t 0
|l Evans: Library Stacks
|